[Event "Milan Crespi op-C 33rd"]
[Site "Milan"]
[Date "2012.12.08"]
[Round "5"]
[White "Condorelli, Roberto"]
[Black "Mazza, Domenico"]
[Result "1-0"]
[WhiteElo "1725"]
[BlackElo "1565"]
[PlyCount "107"]
[EventDate "2012.12.05"]
[EventType "swiss"]
[EventRounds "7"]
[EventCountry "ITA"]
[SourceTitle "EXT 2024"]
[Source "ChessBase"]
[SourceDate "2023.10.10"]
[SourceVersion "1"]
[SourceVersionDate "2023.10.10"]
[SourceQuality "1"]

1. Nf3 Nf6 2. c4 e6 3. Nc3 Be7 4. d4 d5 5. Bg5 Nc6 6. e3 0-0 7. Rc1 h6 8. Bh4 a6 9. a3 dxc4 10. Bxc4 b5 11. Bd3 Nd5 12. Nxd5 Bxh4 13. Nxh4 Qxd5 14. Nf3 Bb7 15. Qc2 f5 16. 0-0 Rac8 17. Qb1 Ne7 18. Rc5 Qd6 19. Ne5 Nd5 20. Rfc1 Rf6 21. Be2 Nb6 22. Bf3 Bxf3 23. Nxf3 c6 24. Ne5 Nc4 25. Nxc4 bxc4 26. R1xc4 f4 27. Qe4 fxe3 28. Qxe3 Rf7 29. Qe5 Rd7 30. Qxd6 Rxd6 31. g3 Kf7 32. b4 Ke7 33. a4 Kd7 34. f4 g6 35. Kf2 Rf8 36. Ke3 Rf5 37. Rxf5 exf5 38. Rc5 Kc7 39. b5 Re6+ 40. Kd3 axb5 41. axb5 Kb6 42. Rxc6+ Rxc6 43. bxc6 Kxc6 44. Kc4 g5 45. d5+ Kd6 46. h3 Ke7 47. Kc5 Kd7 48. d6 Kd8 49. Kd5 Kd7 50. Ke5 gxf4 51. gxf4 h5 52. h4 Ke8 53. Kxf5 Kd7 54. Kf6 1-0

[Event "Milan Crespi op-C 33rd"]
[Site "Milan"]
[Date "2012.12.07"]
[Round "3"]
[White "Condorelli, Roberto"]
[Black "Ceraulo, Carlo Alberto"]
[Result "1-0"]
[WhiteElo "1725"]
[BlackElo "1544"]
[PlyCount "49"]
[EventDate "2012.12.05"]
[EventType "swiss"]
[EventRounds "7"]
[EventCountry "ITA"]
[SourceTitle "EXT 2024"]
[Source "ChessBase"]
[SourceDate "2023.10.10"]
[SourceVersion "1"]
[SourceVersionDate "2023.10.10"]
[SourceQuality "1"]

1. Nf3 Nf6 2. c4 c6 3. Nc3 d5 4. d4 dxc4 5. a4 Bf5 6. e3 e6 7. Bxc4 Qc7 8. 0-0 Bd6 9. h3 Nbd7 10. Qe2 0-0 11. e4 b5 12. axb5 cxb5 13. Bxb5 Bxh3 14. gxh3 Bb4 15. e5 Rfb8 16. exf6 Nxf6 17. Bd2 Bd6 18. Rab1 Bb4 19. Bd3 Rb7 20. Ne4 Bxd2 21. Nxf6+ gxf6 22. Qxd2 Kh8 23. Kh1 Rg8 24. Rg1 Rbb8 25. Qh6 1-0

[Event "Erice op 1st"]
[Site "Erice"]
[Date "2010.07.30"]
[Round "3"]
[White "Agnello, Francesco Claudio"]
[Black "Condorelli, Roberto"]
[Result "1/2-1/2"]
[WhiteElo "1470"]
[BlackElo "1653"]
[PlyCount "140"]
[EventDate "2010.07.28"]
[EventType "swiss"]
[EventRounds "7"]
[EventCountry "ITA"]
[SourceTitle "EXT 2024"]
[Source "ChessBase"]
[SourceDate "2023.10.10"]
[SourceVersion "1"]
[SourceVersionDate "2023.10.10"]
[SourceQuality "1"]

1. d4 Nf6 2. e3 e6 3. Bd3 b6 4. f4 Bb7 5. Nf3 Be7 6. 0-0 d6 7. Nbd2 Nbd7 8. c3 c5 9. Qe2 Qc7 10. e4 e5 11. fxe5 dxe5 12. dxe5 Nxe5 13. Nxe5 Qxe5 14. Bb5+ Kf8 15. Bd3 Bd6 16. Nf3 Qh5 17. g3 Re8 18. Re1 c4 19. Bc2 b5 20. b3 Bxe4 21. Bxe4 Rxe4 22. Qg2 g6 23. Rxe4 Nxe4 24. Bb2 Bc5+ 25. Nd4 Nf6 26. Kh1 Bb6 27. Rf1 Kg7 28. Ba3 Re8 29. Nf3 Re3 30. Nh4 Re2 31. Qc6 Qd5+ 32. Qxd5 Nxd5 33. Ra1 Nxc3 34. bxc4 bxc4 35. Rc1 Ne4 36. Rxc4 Nf2+ 37. Kg2 Nd1+ 38. Kh3 Nf2+ 39. Kg2 Nd3+ 40. Kh3 Rxa2 41. Bd6 Bg1 42. g4 Rxh2+ 43. Bxh2 Bb6 44. Rc3 Nf2+ 45. Kg2 Nxg4 46. Kh3 Nf2+ 47. Kg2 Ng4 48. Bg1 f5 49. Bxb6 axb6 50. Rb3 Kf6 51. Rxb6+ Kg5 52. Nf3+ Kf4 53. Rb4+ Ke3 54. Rb3+ Kf4 55. Rb7 h6 56. Rg7 g5 57. Nh2 Ne3+ 58. Kg1 Ng4 59. Nxg4 Kxg4 60. Rh7 h5 61. Kg2 f4 62. Rd7 Kh4 63. Rd4 Kg4 64. Rd3 Kf5 65. Rh3 Kg6 66. Kf2 g4 67. Rh2 Kg5 68. Kg2 Kg6 69. Rh1 Kg5 70. Kf2 h4 1/2-1/2

[Event "Erice op 1st"]
[Site "Erice"]
[Date "2010.07.28"]
[Round "1"]
[White "Valguarnera, Girolamo"]
[Black "Condorelli, Roberto"]
[Result "1-0"]
[WhiteElo "2179"]
[BlackElo "1653"]
[PlyCount "97"]
[EventDate "2010.07.28"]
[EventType "swiss"]
[EventRounds "7"]
[EventCountry "ITA"]
[SourceTitle "EXT 2024"]
[Source "ChessBase"]
[SourceDate "2023.10.10"]
[SourceVersion "1"]
[SourceVersionDate "2023.10.10"]
[SourceQuality "1"]

1. e4 c6 2. d4 d5 3. Nc3 dxe4 4. Nxe4 Nd7 5. Ng5 Ngf6 6. Bc4 e6 7. N1f3 h6 8. Nxe6 fxe6 9. Qd3 Qa5+ 10. Kd1 Qf5 11. Re1 Qxd3+ 12. Bxd3 Kf7 13. Bf4 Nd5 14. Bg3 Be7 15. a3 Re8 16. c4 N5f6 17. Kc2 Nh5 18. Bc7 Bd8 19. Bd6 Be7 20. Be5 Bf6 21. g4 Nxe5 22. dxe5 Nf4 23. exf6 Nxd3 24. Kxd3 gxf6 25. Kc3 e5 26. h3 Be6 27. Rad1 Rad8 28. Nh4 c5 29. Rg1 Rd4 30. Rxd4 cxd4+ 31. Kd3 Rc8 32. Rc1 Bd7 33. b4 a6 34. Rg1 Be6 35. c5 Rg8 36. Rc1 Rc8 37. Nf5 Bxf5+ 38. gxf5 b6 39. cxb6 Rxc1 40. b7 Rc3+ 41. Kd2 Rxh3 42. b8Q Rxa3 43. Ke1 Ra1+ 44. Ke2 Ra2+ 45. Kf3 Ra3+ 46. Ke4 Rh3 47. Qb7+ Ke8 48. Kd5 d3 49. Ke6 1-0

[Event "Praia op 2nd"]
[Site "Praia a Mare"]
[Date "2010.04.02"]
[Round "4"]
[White "Alagia, Pietro"]
[Black "Condorelli, Roberto"]
[Result "1/2-1/2"]
[WhiteElo "1688"]
[BlackElo "1605"]
[PlyCount "136"]
[EventDate "2010.03.31"]
[EventType "swiss"]
[EventRounds "5"]
[EventCountry "ITA"]
[SourceTitle "EXT 2023"]
[Source "ChessBase"]
[SourceDate "2022.10.05"]
[SourceVersion "1"]
[SourceVersionDate "2022.10.05"]
[SourceQuality "1"]

1. d4 Nf6 2. Nf3 e6 3. g3 b6 4. Bg2 Bb7 5. 0-0 d5 6. Nbd2 Be7 7. c4 c5 8. dxc5 Bxc5 9. Ne5 Qc7 10. Ndf3 Nbd7 11. Bf4 Bd6 12. Qa4 0-0 13. Nxd7 Nxd7 14. Bxd6 Qxd6 15. cxd5 Nc5 16. Qh4 Bxd5 17. Rfd1 Qc6 18. Rac1 Qb5 19. Rd2 h6 20. Nd4 Qb4 21. Rcd1 Bxg2 22. Kxg2 e5 23. Nf5 Qxh4 24. Nxh4 a5 25. Nf5 f6 26. Ne7+ Kf7 27. Nd5 Rab8 28. Nc7 Rb7 29. Nb5 Ke7 30. Nd6 Rbb8 31. Nf5+ Kf7 32. Nd6+ Ke7 33. a3 Ke6 34. Nc4 Ke7 35. Rd6 Rfd8 36. Rxd8 Rxd8 37. Rxd8 Kxd8 38. Nxb6 Nb3 39. g4 Kc7 40. Nd5+ Kd6 41. Ne3 g6 42. f3 a4 43. h4 Kc5 44. h5 gxh5 45. gxh5 Nd4 46. Ng4 Nf5 47. e4 Ng7 48. Nxf6 Kc4 49. Nd7 Kb3 50. Nxe5 Kxb2 51. f4 Kxa3 52. Nd3 Nxh5 53. f5 Ng7 54. f6 Ne6 55. f7 Kb3 56. Nc5+ Nxc5 57. f8Q Nxe4 58. Qf4 Nc3 59. Qxh6 a3 60. Qb6+ Kc2 61. Kf3 a2 62. Qa5 Kb2 63. Qb4+ Kc2 64. Qa3 Kb1 65. Qb3+ Ka1 66. Qxc3+ Kb1 67. Qb3+ Ka1 68. Qc3+ Kb1 1/2-1/2

[Event "Praia op 2nd"]
[Site "Praia a Mare"]
[Date "2010.04.01"]
[Round "2"]
[White "Forlano, Luigi"]
[Black "Condorelli, Roberto"]
[Result "1-0"]
[WhiteElo "2011"]
[BlackElo "1605"]
[PlyCount "70"]
[EventDate "2010.03.31"]
[EventType "swiss"]
[EventRounds "5"]
[EventCountry "ITA"]
[SourceTitle "EXT 2023"]
[Source "ChessBase"]
[SourceDate "2022.10.05"]
[SourceVersion "1"]
[SourceVersionDate "2022.10.05"]
[SourceQuality "1"]

1. e4 c6 2. d4 d5 3. exd5 cxd5 4. Bd3 Nc6 5. c3 Qc7 6. h3 Nf6 7. Nf3 g6 8. 0-0 Bg7 9. Re1 0-0 10. Bg5 Bf5 11. Bxf5 gxf5 12. Nh4 e6 13. Qf3 Ne4 14. Bf4 Qe7 15. g3 Kh8 16. Nd2 Bf6 17. Nxe4 dxe4 18. Qh5 Rg8 19. Ng2 Rg6 20. Rad1 Rd8 21. Kh2 Qf8 22. f3 exf3 23. Qxf3 Ne7 24. Qxb7 Ra8 25. c4 Rd8 26. d5 exd5 27. cxd5 Nc8 28. Bc7 Rd7 29. Qc6 Re7 30. Nf4 Rh6 31. d6 Re4 32. Rxe4 fxe4 33. d7 Ne7 34. d8Q Qxd8 35. Rxd8+ Kg7 1-0

[Event "Siracusa op 2nd"]
[Site "Siracusa"]
[Date "2007.09.08"]
[Round "8"]
[White "Condorelli, Roberto"]
[Black "Rosolia, Giuseppe"]
[Result "0-1"]
[WhiteElo "1575"]
[BlackElo "1930"]
[PlyCount "116"]
[EventDate "2007.09.02"]
[EventType "swiss"]
[EventRounds "9"]
[EventCountry "ITA"]
[SourceTitle "EXT 2010"]
[Source "ChessBase"]
[SourceDate "2010.11.25"]
[SourceVersion "1"]
[SourceVersionDate "2010.11.25"]
[SourceQuality "1"]

1. Nf3 d6 2. c4 Nf6 3. Nc3 g6 4. e4 e5 5. d4 Nbd7 6. dxe5 dxe5 7. Be2 Bg7 8. 0-0 0-0 9. Qc2 c6 10. h3 Qc7 11. Be3 Re8 12. Nh2 Nf8 13. Rfe1 Ne6 14. Bf1 Nh5 15. Rad1 Nef4 16. b4 b6 17. a4 Qe7 18. c5 Be6 19. Nf3 Rab8 20. Rd6 bxc5 21. bxc5 Qf6 22. Qd1 Red8 23. g3 Rxd6 24. cxd6 Bb3 25. Qc1 Ne6 26. Nd2 Nd4 27. Bxd4 exd4 28. e5 Qe6 29. Nce4 Bxe5 30. Qxc6 Bd5 31. Qc7 Rc8 32. Qxa7 Bxd6 33. Qxd4 Be5 34. Qe3 f6 35. Nxf6+ Nxf6 36. Qxe5 Qxe5 37. Rxe5 Rc1 38. a5 Rd1 39. Re2 Nd7 40. f4 Ra1 41. Kf2 Rxa5 42. Bg2 Bf7 43. Nc4 Bxc4 44. Rd2 Ra2 45. Rxa2 Bxa2 46. g4 Bb1 47. Kg3 Kg7 48. h4 Nf6 49. Bf3 Bd3 50. h5 gxh5 51. gxh5 h6 52. Bd1 Bf5 53. Kh4 Nh7 54. Bf3 Kf6 55. Bc6 Nf8 56. Kg3 Ne6 57. Bf3 Nd4 58. Bd1 Bc2 0-1

[Event "Siracusa op 2nd"]
[Site "Siracusa"]
[Date "2007.09.06"]
[Round "6"]
[White "Carnemolla, Giampaolo"]
[Black "Condorelli, Roberto"]
[Result "1-0"]
[WhiteElo "1692"]
[BlackElo "1575"]
[PlyCount "87"]
[EventDate "2007.09.02"]
[EventType "swiss"]
[EventRounds "9"]
[EventCountry "ITA"]
[SourceTitle "EXT 2010"]
[Source "ChessBase"]
[SourceDate "2010.11.25"]
[SourceVersion "1"]
[SourceVersionDate "2010.11.25"]
[SourceQuality "1"]

1. d4 Nf6 2. c4 g6 3. Nc3 Bg7 4. e4 d6 5. f3 0-0 6. Bd3 a6 7. Be3 Nc6 8. Nge2 Rb8 9. 0-0 e5 10. d5 Ne7 11. c5 Nd7 12. b4 f5 13. a4 f4 14. Bf2 g5 15. Bc4 Nf6 16. a5 Kh8 17. Qa4 Bd7 18. b5 Qe8 19. c6 bxc6 20. dxc6 axb5 21. cxd7 bxa4 22. dxe8Q Rfxe8 23. Rxa4 Nc8 24. Rb1 Rxb1+ 25. Nxb1 Nd7 26. Bb5 Re7 27. Nbc3 Nf6 28. Bc6 Re6 29. Nd5 Nxd5 30. exd5 Rg6 31. a6 e4 32. a7 Nxa7 33. Rxa7 h5 34. fxe4 Kh7 35. Rxc7 Kh6 36. Bd4 Bf8 37. Rf7 Bg7 38. Bxg7+ Rxg7 39. Rxg7 Kxg7 40. Nd4 Kf6 41. Nb5 g4 42. Nxd6 Ke5 43. Nf7+ Kxe4 44. d6+ 1-0

[Event "Siracusa op 2nd"]
[Site "Siracusa"]
[Date "2007.09.05"]
[Round "4"]
[White "Cappello, Antonino"]
[Black "Condorelli, Roberto"]
[Result "1-0"]
[WhiteElo "1613"]
[BlackElo "1575"]
[PlyCount "101"]
[EventDate "2007.09.02"]
[EventType "swiss"]
[EventRounds "9"]
[EventCountry "ITA"]
[SourceTitle "EXT 2010"]
[Source "ChessBase"]
[SourceDate "2010.11.25"]
[SourceVersion "1"]
[SourceVersionDate "2010.11.25"]
[SourceQuality "1"]

1. d4 Nf6 2. c4 g6 3. Nc3 Bg7 4. e4 d6 5. Be2 0-0 6. h3 e5 7. d5 a5 8. Nf3 Na6 9. a3 Bd7 10. Be3 Nc5 11. Qc2 b6 12. 0-0 Nh5 13. b4 Na6 14. Nh2 Nf4 15. Bg4 f5 16. exf5 gxf5 17. Bd1 Qg5 18. Bxf4 Qxf4 19. Rb1 Qh6 20. Ne2 Rf6 21. Ng3 Rg6 22. Nxf5 Qxh3 23. Ne7+ Kf7 24. Nxg6 Qf5 25. Qxf5+ Bxf5 26. Nxe5+ Bxe5 27. Rb3 axb4 28. Ng4 Bc3 29. Nh6+ Kg6 30. Nxf5 Kxf5 31. axb4 Bxb4 32. g4+ Kf4 33. Kg2 Kg5 34. f4+ Kf6 35. Rh1 Re8 36. Rbh3 Kg7 37. Rxh7+ Kf8 38. Rh8+ Ke7 39. Rxe8+ Kxe8 40. Rh7 Kf8 41. Bc2 Bc3 42. g5 Nb4 43. Bb1 c6 44. Rb7 cxd5 45. Rxb6 dxc4 46. Rxd6 Bb2 47. Rd7 c3 48. Rb7 Nd5 49. f5 Ne3+ 50. Kh3 Nxf5 51. Bxf5 1-0